[Event "Kingston Invitational Swiss"]
[Site "Kingston-upon-Thames"]
[Date "2025.08.12"]
[Round "2.26"]
[White "Razhnou, Lev"]
[Black "Atanasiu, Sorin Marian"]
[Result "1/2-1/2"]
[WhiteElo "1821"]
[BlackElo "1524"]
[PlyCount "47"]
[EventDate "2025.08.12"]
[EventType "swiss"]
[EventRounds "9"]
[EventCountry "ENG"]

1. d4 Nf6 2. Bf4 d5 3. e3 Bf5 4. c4 e6 5. Nc3 Bd6 6. Bg5 Be7 7. Nf3 O-O 8. c5 b6 9. b4 bxc5 10. bxc5 c6 11. Bf4 Qa5 12. Qd2 Nbd7 13. h3 h6 14. Be2 Bd8 15. O-O Bc7 16. Bd3 Bxf4 17. exf4 Rab8 18. Bxf5 exf5 19. Nxd5 Qxd2 20. Ne7+ Kh7 21. Nxd2 Rb2 22. Nf3 Nd5 23. Nxd5 cxd5 24. c6 1/2-1/2

[Event "Kingston Invitational Swiss"]
[Site "Kingston-upon-Thames"]
[Date "2025.08.12"]
[Round "2.27"]
[White "Eckert, Jonathan"]
[Black "Kumar, Arnav"]
[Result "0-1"]
[WhiteElo "1770"]
[BlackElo "1814"]
[PlyCount "60"]
[EventDate "2025.08.12"]
[EventType "swiss"]
[EventRounds "9"]
[EventCountry "ENG"]

1. e4 c6 2. Bc4 d5 3. Bb3 dxe4 4. Qh5 e6 5. Nc3 Nf6 6. Qh4 Be7 7. Nxe4 Nbd7 8. Nf3 O-O 9. d4 a5 10. a4 Re8 11. O-O Nf8 12. Bg5 Ng6 13. Nxf6+ gxf6 14. Qe4 fxg5 15. Rad1 Qc7 16. g3 b6 17. Qe3 c5 18. dxc5 Qxc5 19. Qe4 Ba6 20. Rfe1 Rad8 21. c3 Qc7 22. Nd4 Bf6 23. Qf3 Bxd4 24. cxd4 Bb7 25. Qg4 Bd5 26. Rc1 Qb7 27. Bxd5 Qxd5 28. h4 gxh4 29. gxh4 h5 30. Qg3 Qxd4 0-1

[Event "Kingston Invitational Swiss"]
[Site "Kingston-upon-Thames"]
[Date "2025.08.13"]
[Round "3.1"]
[White "Lund, Gunnar"]
[Black "Verma, Shlok"]
[Result "1/2-1/2"]
[WhiteElo "2326"]
[BlackElo "2076"]
[PlyCount "49"]
[EventDate "2025.08.12"]
[EventType "swiss"]
[EventRounds "9"]
[EventCountry "ENG"]

1. e4 e6 2. d4 d5 3. e5 c5 4. c3 Nc6 5. Nf3 Bd7 6. Be2 cxd4 7. cxd4 Nge7 8. Na3 Nf5 9. Nc2 Be7 10. O-O O-O 11. Rb1 a6 12. Bd3 f6 13. Bxf5 exf5 14. Bf4 fxe5 15. dxe5 Be6 16. Ncd4 Nxd4 17. Nxd4 Qd7 18. Qd2 Bc5 19. Rbc1 Rac8 20. Rfd1 Bxd4 21. Qxd4 Rxc1 22. Rxc1 Rc8 23. Rxc8+ Qxc8 24. h4 h6 25. Kh2 1/2-1/2

[Event "Kingston Invitational Swiss"]
[Site "Kingston-upon-Thames"]
[Date "2025.08.13"]
[Round "3.2"]
[White "Wilson, Ewan"]
[Black "Josse, Mark"]
[Result "1-0"]
[WhiteElo "2020"]
[BlackElo "2113"]
[PlyCount "61"]
[EventDate "2025.08.12"]
[EventType "swiss"]
[EventRounds "9"]
[EventCountry "ENG"]

1. d4 d5 2. c4 dxc4 3. e4 Nc6 4. Nf3 Nf6 5. Nc3 Bg4 6. d5 Ne5 7. Bf4 Nfd7 8. Be2 Bxf3 9. gxf3 g6 10. Be3 Bg7 11. f4 Nd3+ 12. Bxd3 cxd3 13. Qxd3 O-O 14. O-O-O Nf6 15. Qe2 Nh5 16. Rhg1 Kh8 17. Kb1 a6 18. e5 f5 19. Qf3 Qe8 20. Ne2 e6 21. dxe6 Qxe6 22. Qxb7 Qc4 23. Rd2 Rab8 24. Qd5 Qxd5 25. Rxd5 Bh6 26. Rc1 Rb7 27. Rd7 Rc8 28. Rc6 Rb4 29. a3 Ra4 30. Nc3 Ra5 31. Bb6 1-0

[Event "Kingston Invitational Swiss"]
[Site "Kingston-upon-Thames"]
[Date "2025.08.13"]
[Round "3.3"]
[White "Taylor, William J"]
[Black "Frostick, Clive A"]
[Result "1/2-1/2"]
[WhiteElo "1985"]
[BlackElo "2095"]
[PlyCount "57"]
[EventDate "2025.08.12"]
[EventType "swiss"]
[EventRounds "9"]
[EventCountry "ENG"]

1. e4 c5 2. Nf3 Nc6 3. d4 cxd4 4. Nxd4 Nf6 5. Nc3 e6 6. Ndb5 Bb4 7. a3 Bxc3+ 8. Nxc3 d5 9. exd5 exd5 10. Bd3 O-O 11. O-O Bg4 12. f3 Bh5 13. Bg5 Qb6+ 14. Kh1 Ne4 15. Nxe4 dxe4 16. Bxe4 Qxb2 17. Qb1 Qb6 18. Qxb6 axb6 19. Rfb1 Na5 20. Rxb6 Bg6 21. Bxg6 hxg6 22. Be7 Rfc8 23. Rc1 Nc4 24. Rxb7 Nxa3 25. Bxa3 Rxa3 26. Kg1 Ra2 27. Kf2 Rcxc2+ 28. Rxc2 Rxc2+ 29. Kg3 1/2-1/2

[Event "Kingston Invitational Swiss"]
[Site "Kingston-upon-Thames"]
[Date "2025.08.13"]
[Round "3.4"]
[White "Yu, Rock"]
[Black "Rudzinska, Michalina"]
[Result "0-1"]
[WhiteElo "2107"]
[BlackElo "2200"]
[PlyCount "80"]
[EventDate "2025.08.12"]
[EventType "swiss"]
[EventRounds "9"]
[EventCountry "ENG"]

1. Nf3 d5 2. g3 Bg4 3. Bg2 c6 4. O-O Bxf3 5. Bxf3 e5 6. d3 Bd6 7. e4 d4 8. a4 Ne7 9. c3 c5 10. Na3 Nbc6 11. Nb5 Bb8 12. cxd4 Nxd4 13. Nxd4 cxd4 14. b4 O-O 15. Qb3 Bd6 16. Bd2 Qd7 17. Bg2 Rac8 18. f4 exf4 19. gxf4 Qg4 20. Rae1 Ng6 21. h3 Qh5 22. e5 Bb8 23. Kh2 b6 24. Bf3 Qh4 25. Re4 Qe7 26. b5 Rfe8 27. Bg4 Rcd8 28. Rc1 Qh4 29. Be1 Qh6 30. Rc6 Kh8 31. Bg3 f6 32. Qa2 Rf8 33. exf6 gxf6 34. Bf5 Qg7 35. Qe2 Rg8 36. Bxg6 Qxg6 37. Qf2 Rd6 38. f5 Qxg3+ 39. Qxg3 Rxc6 40. Qxb8 Rc2+ 0-1

[Event "Kingston Invitational Swiss"]
[Site "Kingston-upon-Thames"]
[Date "2025.08.13"]
[Round "3.5"]
[White "Kothari, Jai"]
[Black "Achour, Mohamed Anis"]
[Result "1-0"]
[WhiteElo "2051"]
[BlackElo "2126"]
[PlyCount "125"]
[EventDate "2025.08.12"]
[EventType "swiss"]
[EventRounds "9"]
[EventCountry "ENG"]

1. e4 e5 2. Nf3 Nc6 3. Nc3 Nf6 4. a3 g6 5. d4 exd4 6. Nxd4 Bg7 7. Nxc6 bxc6 8. Bc4 O-O 9. O-O Re8 10. Re1 d5 11. exd5 Rxe1+ 12. Qxe1 cxd5 13. Bb5 Bf5 14. Qe2 d4 15. Na4 Qd6 16. Bd2 a5 17. Bg5 Ng4 18. g3 Ne5 19. Bf4 Qd5 20. Bxe5 Bxe5 21. Re1 Bf6 22. b3 Qd6 23. Kg2 Rb8 24. Bc4 Qxa3 25. g4 Bd7 26. g5 Bxg5 27. Qe5 Re8 28. Bxf7+ Kxf7 29. Qd5+ Kf8 30. Rxe8+ Bxe8 31. Qxg5 Bc6+ 32. Kf1 Bxa4 33. bxa4 Qa1+ 34. Ke2 Qxa4 35. Qf4+ Kg8 36. Qxc7 Qb4 37. Qd8+ Kf7 38. Qd5+ Ke7 39. Qe5+ Kd7 40. Qd5+ Ke7 41. Qe5+ Kf7 42. Qd5+ Kf6 43. Qd8+ Qe7+ 44. Qxe7+ Kxe7 45. Kd3 Ke6 46. Kxd4 Kd6 47. Kc4 Kc6 48. h4 h6 49. f3 g5 50. h5 Kb6 51. Kd5 Kb5 52. c4+ Kb4 53. c5 a4 54. c6 a3 55. c7 a2 56. c8=Q a1=Q 57. Qc5+ Kb3 58. Qc4+ Ka3 59. Qa6+ Kb2 60. Qxa1+ Kxa1 61. Ke5 Kb2 62. Kf6 Kc3 63. Kg6 1-0

[Event "Kingston Invitational Swiss"]
[Site "Kingston-upon-Thames"]
[Date "2025.08.13"]
[Round "3.6"]
[White "Lalic, Susan K"]
[Black "Agrawal, Shivam"]
[Result "1/2-1/2"]
[WhiteElo "2204"]
[BlackElo "2047"]
[PlyCount "53"]
[EventDate "2025.08.12"]
[EventType "swiss"]
[EventRounds "9"]
[EventCountry "ENG"]

1. e4 c6 2. d4 d5 3. Nd2 dxe4 4. Nxe4 Bf5 5. Nc5 e5 6. Nxb7 Qb6 7. Nc5 exd4 8. Nb3 c5 9. Bd3 Bxd3 10. cxd3 Nf6 11. Nf3 Nc6 12. O-O Be7 13. Bg5 O-O 14. Rc1 Nb4 15. Bxf6 Bxf6 16. Nxc5 Nxa2 17. Nd7 Qd6 18. Nxf8 Nxc1 19. Nxh7 Kxh7 20. Qxc1 Rb8 21. Re1 Qa6 22. Qc7 Rc8 23. Qxf7 Qxd3 24. Qh5+ Kg8 25. Re8+ Rxe8 26. Qxe8+ Kh7 27. Qh5+ 1/2-1/2

[Event "Kingston Invitational Swiss"]
[Site "Kingston-upon-Thames"]
[Date "2025.08.13"]
[Round "3.7"]
[White "Bates, Caspar J"]
[Black "Armstrong, Alastair"]
[Result "1/2-1/2"]
[WhiteElo "2010"]
[BlackElo "2108"]
[PlyCount "93"]
[EventDate "2025.08.12"]
[EventType "swiss"]
[EventRounds "9"]
[EventCountry "ENG"]

1. d4 g6 2. c4 Bg7 3. g3 Nc6 4. d5 Ne5 5. Qa4 f5 6. Bg2 Nf6 7. Nc3 O-O 8. Nf3 Nxf3+ 9. exf3 e5 10. dxe6 dxe6 11. f4 Nd7 12. O-O Nb6 13. Qb3 Qd4 14. Nb5 Qxc4 15. Be3 Qxb3 16. axb3 Rf7 17. Nxc7 Rxc7 18. Bxb6 Rc2 19. Rxa7 Rxa7 20. Bxa7 Rxb2 21. Rc1 Bd7 22. Bxb7 Rxb3 23. Bc8 Rd3 24. Rc7 Bxc8 25. Rxc8+ Kf7 26. Rc7+ Kg8 27. Re7 Rd6 28. Bb8 Rd1+ 29. Kg2 Re1 30. Kf3 Bf6 31. Rd7 e5 32. Bxe5 Bxe5 33. fxe5 Rxe5 34. Kf4 Re2 35. Kg5 Rxf2 36. Kf6 h5 37. Kxg6 Kf8 38. h4 Rf3 39. Kf6 Ke8 40. Rg7 f4 41. Rg8+ Kd7 42. g4 hxg4 43. Rxg4 Rf1 44. h5 f3 45. Rf4 f2 46. h6 Rh1 47. Rxf2 1/2-1/2

[Event "Kingston Invitational Swiss"]
[Site "Kingston-upon-Thames"]
[Date "2025.08.13"]
[Round "3.8"]
[White "Verma, Aditya"]
[Black "Stevenson, James"]
[Result "1-0"]
[WhiteElo "2093"]
[BlackElo "1969"]
[PlyCount "47"]
[EventDate "2025.08.12"]
[EventType "swiss"]
[EventRounds "9"]
[EventCountry "ENG"]

1. e4 d5 2. exd5 Qxd5 3. Nc3 Qd6 4. d4 Nf6 5. Nf3 a6 6. g3 b5 7. Bg2 Bb7 8. O-O e6 9. Bf4 Qd8 10. Ne5 Bxg2 11. Kxg2 Bd6 12. Qf3 Nbd7 13. Nc6 Qc8 14. d5 exd5 15. Rfe1+ Kf8 16. Nxd5 Bxf4 17. Nxf4 Qb7 18. Rad1 Nc5 19. Re7 Kg8 20. Nh5 h6 21. Nxf6+ gxf6 22. Qxf6 Rh7 23. Qf3 a5 24. Re5 1-0

[Event "Kingston Invitational Swiss"]
[Site "Kingston-upon-Thames"]
[Date "2025.08.13"]
[Round "3.9"]
[White "Hughes, Anthony"]
[Black "Rudd, Jack"]
[Result "0-1"]
[WhiteElo "1930"]
[BlackElo "2259"]
[PlyCount "70"]
[EventDate "2025.08.12"]
[EventType "swiss"]
[EventRounds "9"]
[EventCountry "ENG"]

1. c4 Nf6 2. Nc3 g6 3. g3 Bg7 4. Bg2 O-O 5. e4 d6 6. Nge2 e5 7. O-O Be6 8. d3 c6 9. h3 d5 10. exd5 cxd5 11. cxd5 Nxd5 12. d4 exd4 13. Nxd4 Nxc3 14. bxc3 Bd5 15. Be3 Bxg2 16. Kxg2 Qd5+ 17. Qf3 Qxf3+ 18. Kxf3 Nd7 19. Rab1 Ne5+ 20. Kg2 b6 21. f4 Nc4 22. Bc1 Rfe8 23. f5 Rac8 24. fxg6 hxg6 25. a4 Ne3+ 26. Bxe3 Rxe3 27. Nb5 a6 28. Nd6 Rcxc3 29. Rf2 Rxg3+ 30. Kf1 Bd4 31. Ne4 Bxf2 32. Nxc3 Bc5 33. Ne2 Rf3+ 34. Ke1 Rxh3 35. Rb2 Ra3 0-1

[Event "Kingston Invitational Swiss"]
[Site "Kingston-upon-Thames"]
[Date "2025.08.13"]
[Round "3.10"]
[White "Xian, Junhao"]
[Black "Rushbrooke, Remy"]
[Result "1/2-1/2"]
[WhiteElo "2159"]
[BlackElo "2090"]
[PlyCount "153"]
[EventDate "2025.08.12"]
[EventType "swiss"]
[EventRounds "9"]
[EventCountry "ENG"]

1. d4 d5 2. c4 c6 3. Nf3 Nf6 4. Nc3 e6 5. Bg5 h6 6. Bxf6 Qxf6 7. e3 Nd7 8. Be2 g6 9. O-O Bg7 10. e4 dxc4 11. Bxc4 e5 12. dxe5 Nxe5 13. Nxe5 Qxe5 14. Qb3 O-O 15. a4 Be6 16. Rad1 Bxc4 17. Qxc4 Rfd8 18. g3 Rd4 19. Rxd4 Qxd4 20. Qxd4 Bxd4 21. Rd1 Rd8 22. Kg2 Kf8 23. Kf3 Ke8 24. Rc1 a5 25. Ke2 f5 26. exf5 gxf5 27. b3 Bf6 28. Nd1 Rd4 29. Rc5 Rb4 30. Rxa5 Rxb3 31. Rxf5 Bd4 32. Ne3 Ra3 33. a5 Bxe3 34. fxe3 Ra2+ 35. Kf3 Rxh2 36. a6 bxa6 37. Ra5 Kd7 38. Rxa6 Rh1 39. g4 Kd6 40. Ra8 h5 41. gxh5 Rxh5 42. Ke4 Re5+ 43. Kd4 Rd5+ 44. Kc4 Rc5+ 45. Kd4 Rd5+ 46. Ke4 Re5+ 47. Kf4 Re7 48. e4 Rf7+ 49. Ke3 Ke6 50. Rc8 Kd6 51. Kd4 Rd7 52. e5+ Ke7+ 53. Ke4 Rd1 54. Rc7+ Rd7 55. Rxc6 Rd1 56. Rc7+ Ke6 57. Rc6+ Ke7 58. Rc5 Re1+ 59. Kd4 Rd1+ 60. Ke3 Re1+ 61. Kd2 Rh1 62. Kd3 Rh4 63. Rc6 Kd7 64. Rd6+ Ke7 65. Ra6 Kd7 66. Ke3 Ke7 67. Kf3 Kd7 68. Rf6 Ke7 69. Ke3 Kd7 70. Rf4 Rxf4 71. Kxf4 Ke7 72. Kf5 Kf7 73. e6+ Ke7 74. Ke5 Ke8 75. Kd6 Kd8 76. e7+ Ke8 77. Ke6 1/2-1/2

[Event "Kingston Invitational Swiss"]
[Site "Kingston-upon-Thames"]
[Date "2025.08.13"]
[Round "3.11"]
[White "Osborne, Marcus E"]
[Black "Bashylina, Luisa"]
[Result "0-1"]
[WhiteElo "2142"]
[BlackElo "2085"]
[PlyCount "70"]
[EventDate "2025.08.12"]
[EventType "swiss"]
[EventRounds "9"]
[EventCountry "ENG"]

1. d4 d5 2. c4 c6 3. Nf3 Nf6 4. Nc3 e6 5. Bg5 Nbd7 6. e3 Be7 7. Qc2 O-O 8. O-O-O dxc4 9. Bxc4 b5 10. Bd3 h6 11. h4 Bb7 12. Kb1 Rc8 13. Bxf6 Nxf6 14. Ne5 Qc7 15. f4 c5 16. Nxb5 Qb6 17. Qe2 Rfd8 18. dxc5 Rxc5 19. e4 Rxd3 20. Rxd3 Qxb5 21. Re3 Qxe2 22. Rxe2 Nxe4 23. Rd1 Bd5 24. g4 Bxh4 25. Rd4 Ng3 26. Re3 h5 27. Rc3 Rxc3 28. bxc3 Ne2 29. Rb4 Nxc3+ 30. Kb2 Nxa2 31. Rb8+ Kh7 32. g5 Bg3 33. g6+ fxg6 34. Nf7 g5 35. fxg5 Bxb8 0-1

[Event "Kingston Invitational Swiss"]
[Site "Kingston-upon-Thames"]
[Date "2025.08.13"]
[Round "3.12"]
[White "Healey, Michael W"]
[Black "Makepeace, Philip J"]
[Result "1/2-1/2"]
[WhiteElo "2135"]
[BlackElo "2081"]
[PlyCount "75"]
[EventDate "2025.08.12"]
[EventType "swiss"]
[EventRounds "9"]
[EventCountry "ENG"]

1. e4 c6 2. d4 d5 3. Nc3 dxe4 4. Nxe4 h6 5. Bc4 Bf5 6. Qe2 e6 7. Nf3 Be7 8. O-O Nf6 9. Ng3 Bg4 10. c3 Nbd7 11. h3 Bxf3 12. Qxf3 Qc7 13. a4 a5 14. Re1 O-O-O 15. Nf5 Nb6 16. Bf4 Bd6 17. Nxd6+ Rxd6 18. Bf1 Nbd5 19. Bxd6 Qxd6 20. Re5 Nd7 21. c4 Nc7 22. Rxa5 Qxd4 23. Rd1 Qf6 24. Qg3 Qxb2 25. Qd3 Rd8 26. Rb1 Qa2 27. Rd1 Qb2 28. Rh5 Qb4 29. Rh4 Qxa4 30. Rd4 c5 31. Rd6 Ne8 32. Rb6 Qxd1 33. Qxd1 Nxb6 34. Qa1 Rd6 35. g3 Nd7 36. Qa8+ Nb8 37. Qa5 Nd7 38. Qa8+ 1/2-1/2

[Event "Kingston Invitational Swiss"]
[Site "Kingston-upon-Thames"]
[Date "2025.08.13"]
[Round "3.13"]
[White "McMichael, Richard J"]
[Black "Farrand, Tom"]
[Result "0-1"]
[WhiteElo "2112"]
[BlackElo "2077"]
[PlyCount "58"]
[EventDate "2025.08.12"]
[EventType "swiss"]
[EventRounds "9"]
[EventCountry "ENG"]

1. b3 e5 2. Bb2 Nc6 3. e3 d6 4. c4 Nf6 5. Nc3 Be6 6. Nf3 h6 7. d4 Bg4 8. Be2 Qd7 9. h3 Bxf3 10. Bxf3 exd4 11. exd4 O-O-O 12. O-O h5 13. Re1 Qf5 14. Rc1 g5 15. Bxc6 bxc6 16. d5 g4 17. h4 Bh6 18. Rc2 Rhe8 19. Rce2 g3 20. fxg3 Ng4 21. Bc1 Bg7 22. Rf1 Qg6 23. Rf3 c5 24. Nb5 Kb7 25. Qe1 Rxe2 26. Qxe2 a6 27. Qe7 axb5 28. Qxd8 Bd4+ 29. Kh1 Qc2 0-1

[Event "Kingston Invitational Swiss"]
[Site "Kingston-upon-Thames"]
[Date "2025.08.13"]
[Round "3.14"]
[White "Andal, Edmond"]
[Black "Han, Qixuan"]
[Result "0-1"]
[WhiteElo "2011"]
[BlackElo "1896"]
[PlyCount "136"]
[EventDate "2025.08.12"]
[EventType "swiss"]
[EventRounds "9"]
[EventCountry "ENG"]

1. Nf3 Nf6 2. b3 d5 3. Bb2 Bf5 4. e3 e6 5. Be2 Be7 6. O-O O-O 7. d3 h6 8. Nbd2 Nbd7 9. Qe1 a5 10. a4 Nc5 11. Ne5 c6 12. f4 Nfd7 13. Qg3 Bh4 14. Qf3 Nxe5 15. fxe5 b5 16. Ba3 Be7 17. Qf2 b4 18. Bb2 Nd7 19. Qg3 Bh4 20. Qf3 Rc8 21. Rad1 Nb6 22. Kh1 c5 23. e4 dxe4 24. dxe4 Bg6 25. Nc4 Qc7 26. Nd6 Rcd8 27. Bc4 Nxc4 28. Nxc4 Rxd1 29. Rxd1 Rd8 30. Rd3 Qc6 31. Rxd8+ Bxd8 32. Qd3 Bg5 33. Nd6 Be7 34. h3 Kh7 35. Qb5 Bxe4 36. Qxc6 Bxc6 37. Nxf7 Be4 38. c3 Bc2 39. Nd6 Bxb3 40. Nb7 Bxa4 41. Nxa5 Kg6 42. cxb4 cxb4 43. g4 Bg5 44. Kg2 Bd2 45. Kf2 Kg5 46. Nc4 Bc3 47. Bc1+ Kg6 48. h4 Bb3 49. h5+ Kh7 50. Nd2 Bd5 51. Ke3 b3 52. Nb1 Bxe5 53. Kd3 Bf3 54. Nd2 Bxg4 55. Nxb3 Bxh5 56. Ke4 Bf6 57. Nc5 Bg6+ 58. Kf3 Bf5 59. Bf4 g5 60. Nd7 gxf4 61. Nxf6+ Kg6 62. Nd7 Kg5 63. Ne5 h5 64. Kf2 Be4 65. Nf7+ Kf6 66. Nd6 Bd5 67. Ne8+ Kg5 68. Nd6 e5 0-1

[Event "Kingston Invitational Swiss"]
[Site "Kingston-upon-Thames"]
[Date "2025.08.13"]
[Round "3.15"]
[White "Cowan, Xavier"]
[Black "Fegan, Chris"]
[Result "0-1"]
[WhiteElo "1854"]
[BlackElo "1994"]
[PlyCount "66"]
[EventDate "2025.08.12"]
[EventType "swiss"]
[EventRounds "9"]
[EventCountry "ENG"]

1. d4 Nf6 2. c4 g6 3. Nc3 d5 4. cxd5 Nxd5 5. e4 Nxc3 6. bxc3 Bg7 7. Be3 O-O 8. Bc4 c5 9. Ne2 b6 10. O-O Bb7 11. f3 Nc6 12. Qd2 Qc7 13. Rfd1 cxd4 14. cxd4 Na5 15. Bb5 Rac8 16. Rac1 Qd6 17. Qd3 Rfd8 18. Bf4 e5 19. Bxe5 Bxe5 20. dxe5 Qxd3 21. Rxd3 Rxc1+ 22. Nxc1 Rc8 23. Nb3 Nxb3 24. axb3 Rc7 25. Rd7 Rxd7 26. Bxd7 a5 27. e6 fxe6 28. Bxe6+ Kg7 29. e5 Kf8 30. Kf2 Ke7 31. Bg8 b5 32. Bxh7 Kf7 33. Ke3 Bd5 0-1

[Event "Kingston Invitational Swiss"]
[Site "Kingston-upon-Thames"]
[Date "2025.08.13"]
[Round "3.16"]
[White "Skettos, Nicolas"]
[Black "Bhatia, Jai"]
[Result "1-0"]
[WhiteElo "1968"]
[BlackElo "1708"]
[PlyCount "59"]
[EventDate "2025.08.12"]
[EventType "swiss"]
[EventRounds "9"]
[EventCountry "ENG"]

1. e4 e5 2. Nf3 Nc6 3. Nc3 Bc5 4. Nxe5 Nxe5 5. d4 Bxd4 6. Qxd4 d6 7. f4 Qh4+ 8. Qf2 Qxf2+ 9. Kxf2 Ng4+ 10. Kg3 h5 11. h3 h4+ 12. Kf3 N8f6 13. e5 Nh5 14. exd6 cxd6 15. Bc4 Bd7 16. Re1+ Kd8 17. Bxf7 Ngf6 18. Be3 Bc6+ 19. Kf2 Ng3 20. Rad1 Nfe4+ 21. Nxe4 Nxe4+ 22. Kg1 Rf8 23. Bg6 Kc7 24. Bc1 Nf6 25. Re7+ Kb6 26. Be3+ Ka5 27. Rxd6 Rfd8 28. Re5+ Ka4 29. c3 Rxd6 30. Bc2# 1-0

[Event "Kingston Invitational Swiss"]
[Site "Kingston-upon-Thames"]
[Date "2025.08.13"]
[Round "3.17"]
[White "Gajowniczek, Maks"]
[Black "Young, Daniel J"]
[Result "1-0"]
[WhiteElo "1847"]
[BlackElo "1958"]
[PlyCount "97"]
[EventDate "2025.08.12"]
[EventType "swiss"]
[EventRounds "9"]
[EventCountry "ENG"]

1. Nf3 Nf6 2. d4 g6 3. c4 Bg7 4. Nc3 O-O 5. Bf4 d6 6. e3 b6 7. Be2 Bb7 8. h3 Nbd7 9. O-O Re8 10. d5 e5 11. Bh2 Bc8 12. b4 Rf8 13. Rc1 Ne8 14. Na4 f5 15. c5 Ndf6 16. Bb5 h6 17. Bc6 Rb8 18. cxb6 axb6 19. Qb3 Kh7 20. Nc3 g5 21. Kh1 Rg8 22. Qc2 Bf8 23. Ng1 Rg7 24. f3 Kh8 25. Bb5 f4 26. Rfe1 h5 27. exf4 gxf4 28. Bd3 Rg5 29. Bg6 Ng7 30. h4 Bf5 31. Bxf5 Rxf5 32. Nh3 Nfe8 33. Ng5 Rxg5 34. hxg5 Qxg5 35. Ne4 Qg6 36. g3 Nf5 37. gxf4 Nd4 38. Qf2 Bh6 39. Rcd1 Qf5 40. fxe5 dxe5 41. Bxe5+ Qxe5 42. Qxd4 Qxd4 43. Rxd4 Ra8 44. Re2 Ra3 45. Kg2 Kg7 46. d6 cxd6 47. Nxd6 Nxd6 48. Rxd6 Be3 49. Rc2 1-0

[Event "Kingston Invitational Swiss"]
[Site "Kingston-upon-Thames"]
[Date "2025.08.13"]
[Round "3.18"]
[White "Kumar, Arnav"]
[Black "Rice, Chris B"]
[Result "0-1"]
[WhiteElo "1814"]
[BlackElo "1926"]
[PlyCount "80"]
[EventDate "2025.08.12"]
[EventType "swiss"]
[EventRounds "9"]
[EventCountry "ENG"]

1. e4 c6 2. d4 d5 3. exd5 cxd5 4. c4 Nf6 5. Nc3 g6 6. cxd5 Bg7 7. Bc4 O-O 8. Nge2 Nbd7 9. Nf4 Nb6 10. Bb3 Bf5 11. O-O h6 12. h4 Qd7 13. a4 a5 14. Re1 Rfe8 15. Be3 Rac8 16. Qe2 g5 17. hxg5 hxg5 18. Nh5 Bg4 19. Nxf6+ Bxf6 20. Qd3 Bf5 21. Qe2 Kg7 22. f3 Rh8 23. Kf2 Rh4 24. Rac1 Rch8 25. Qd2 g4 26. Bg5 gxf3 27. Bxh4 Rxh4 28. Nb5 Nxd5 29. Bxd5 Qxd5 30. Rc5 Qd7 31. Rg1 Rxd4 32. gxf3+ Bg6 33. Nxd4 Qxd4+ 34. Qxd4 Bxd4+ 35. Ke2 Bxc5 36. Rd1 b6 37. Rd7 Bc2 38. Rc7 Bxa4 39. Kd3 Bb5+ 40. Kc2 Kf6 0-1

[Event "Kingston Invitational Swiss"]
[Site "Kingston-upon-Thames"]
[Date "2025.08.13"]
[Round "3.19"]
[White "Gosling, Marcus"]
[Black "Keen, Maya"]
[Result "1-0"]
[WhiteElo "1909"]
[BlackElo "1805"]
[PlyCount "81"]
[EventDate "2025.08.12"]
[EventType "swiss"]
[EventRounds "9"]
[EventCountry "ENG"]

1. d4 d5 2. Nc3 Nf6 3. Bf4 c6 4. e3 Bf5 5. f3 h5 6. Bd3 Bxd3 7. Qxd3 e6 8. Nge2 Bd6 9. O-O-O Qc7 10. Bxd6 Qxd6 11. e4 Nfd7 12. e5 Qe7 13. f4 h4 14. Kb1 Nb6 15. f5 Na6 16. fxe6 Qxe6 17. Nf4 Qg4 18. Qf1 O-O-O 19. b3 Rhe8 20. h3 Qg5 21. Rd3 f6 22. e6 Nc7 23. Re3 Re7 24. Qf3 Rde8 25. Rhe1 Qh6 26. Qg4 g5 27. Nd3 Qg6 28. Nc5 f5 29. Qe2 Nba8 30. Re5 b6 31. Nd3 Nxe6 32. Qf2 f4 33. b4 Qf6 34. b5 Nd8 35. bxc6 Rxe5 36. Rxe5 Rxe5 37. Nxe5 Nc7 38. Qf3 Nxc6 39. Nxd5 Qe6 40. Nxc6 Nxd5 41. Qxd5 1-0

[Event "Kingston Invitational Swiss"]
[Site "Kingston-upon-Thames"]
[Date "2025.08.13"]
[Round "3.20"]
[White "Grave, Jacob Templen"]
[Black "Claverie, Raul"]
[Result "1/2-1/2"]
[WhiteElo "2366"]
[BlackElo "2180"]
[PlyCount "34"]
[EventDate "2025.08.12"]
[EventType "swiss"]
[EventRounds "9"]
[EventCountry "ENG"]

1. e4 e6 2. d4 d5 3. Nd2 Be7 4. Bd3 c5 5. dxc5 Nf6 6. Qe2 Nc6 7. c3 d4 8. Nb3 dxc3 9. bxc3 Ne5 10. Bc2 Qc7 11. Bf4 Nfd7 12. Nf3 Nxf3+ 13. Qxf3 e5 14. Be3 O-O 15. O-O Nxc5 16. Nxc5 Bxc5 17. Bb3 b6 1/2-1/2

[Event "Kingston Invitational Swiss"]
[Site "Kingston-upon-Thames"]
[Date "2025.08.13"]
[Round "3.21"]
[White "Villiers, Thomas"]
[Black "Han, Qixiang"]
[Result "1/2-1/2"]
[WhiteElo "2156"]
[BlackElo "2070"]
[PlyCount "138"]
[EventDate "2025.08.12"]
[EventType "swiss"]
[EventRounds "9"]
[EventCountry "ENG"]

1. c4 e5 2. Nc3 Nc6 3. g3 f5 4. Bg2 Nf6 5. d3 g6 6. e4 d6 7. Nge2 Bg7 8. O-O O-O 9. exf5 Bxf5 10. d4 Qd7 11. d5 Nd8 12. f4 Nf7 13. fxe5 Nxe5 14. Nd4 Bh3 15. Ne6 Bxe6 16. dxe6 Qxe6 17. Nd5 Qd7 18. Nxf6+ Rxf6 19. Rxf6 Bxf6 20. Qd5+ Kg7 21. Qxb7 Rf8 22. Be3 a5 23. Qd5 c6 24. Qe4 Qf7 25. Rc1 Re8 26. Re1 Re7 27. b3 d5 28. cxd5 cxd5 29. Qb1 Ng4 30. Bc5 Rc7 31. Bb6 Rc6 32. Qd1 Rxb6 33. Qxg4 d4 34. Bf1 a4 35. Bc4 Qa7 36. Re8 Rb8 37. Rxb8 Qxb8 38. Qd7+ Kh6 39. Qxa4 Qe5 40. Qc6 Qe3+ 41. Kg2 Qd2+ 42. Kh3 Be5 43. Qe8 Bd6 44. a4 Qg5 45. Qe4 Qd2 46. Qd5 Bb4 47. Qe5 Qd1 48. a5 d3 49. Qf4+ Kg7 50. Qd4+ Kh6 51. Qxd3 Qxd3 52. Bxd3 Bxa5 53. Kg4 Kg7 54. Kf4 Kf6 55. Ke4 Ke6 56. Kd4 Kd6 57. Kc4 Bb6 58. Kb5 Kc7 59. h3 Bf2 60. g4 Be1 61. Kc5 Bf2+ 62. Kd5 Kb6 63. Ke6 g5 64. Bxh7 Kc5 65. Ke5 Kb4 66. Bg8 Kc3 67. Kd6 Kb4 68. Kc6 Be1 69. Bd5 Bh4 1/2-1/2

[Event "Kingston Invitational Swiss"]
[Site "Kingston-upon-Thames"]
[Date "2025.08.13"]
[Round "3.22"]
[White "Waddington, Mike P"]
[Black "Keane, Graham D J"]
[Result "1/2-1/2"]
[WhiteElo "2034"]
[BlackElo "2146"]
[PlyCount "124"]
[EventDate "2025.08.12"]
[EventType "swiss"]
[EventRounds "9"]
[EventCountry "ENG"]

1. e4 d6 2. d4 Nf6 3. Nc3 g6 4. Be3 c6 5. Qd2 Nbd7 6. Bd3 b5 7. Nf3 Bg7 8. Bh6 Bxh6 9. Qxh6 b4 10. Ne2 Qa5 11. O-O Rb8 12. Ng3 e5 13. Rfe1 Qd8 14. Bc4 Qe7 15. Ng5 Rf8 16. Nxh7 Nxh7 17. Qxh7 Nb6 18. Bb3 Qf6 19. dxe5 dxe5 20. Qh6 a5 21. a4 Rh8 22. Qe3 Kf8 23. Rad1 Kg7 24. Qc5 Nd7 25. Qd6 Qxd6 26. Rxd6 Rb6 27. Bc4 Nc5 28. b3 Be6 29. Bxe6 Nxe6 30. Ne2 Rhb8 31. Red1 R8b7 32. f3 Kf8 33. Kf2 Ke7 34. R6d2 Rc7 35. g3 Rb8 36. h4 Rh8 37. Rh1 f6 38. Ke3 c5 39. f4 Nd4 40. g4 Ke6 41. h5 gxh5 42. f5+ Kd6 43. Rxh5 Rg8 44. Rh4 Rcg7 45. Nxd4 cxd4+ 46. Kf3 Rc8 47. Rh6 Ke7 48. Kg3 Rc3+ 49. Kh4 Re3 50. Rg2 Rxe4 51. Rh8 Re3 52. Rh6 Re1 53. Kg3 e4 54. Kf4 e3 55. Ke4 Rd1 56. Rh8 Rd2 57. Rg1 e2 58. Re1 Rxg4+ 59. Kf3 Rg5 60. Rxe2+ Rxe2 61. Kxe2 Rxf5 62. Kd3 Rc5 1/2-1/2